Olympics medal table - Swimming - Statistics

General Stats
  • This quiz has been taken 139 times
    60 since last reset
  • The average score is 13 of 15
Answer Stats
Total Gold Silver Bronze Nation % Correct
67 15 20 32 Germany
100%
608 265 192 151 United States
100%
61 18 24 19 China
98%
87 21 35 31 Great Britain
98%
232 76 79 77 Australia
97%
63 12 20 31 Canada
93%
51 12 17 22 France
93%
35 7 8 20 Italy
93%
23 5 9 9 Russia
91%
84 24 28 32 Japan
90%
81 32 28 21 Hungary
74%
41 11 16 14 Sweden
74%
59 12 21 26 Soviet Union
72%
65 23 21 21 Netherlands
67%
92 38 32 22 East Germany
57%
No matching quizzes found
Score Distribution
Percent of People with Each Score
Percentile by Number Answered
Your Score History
You have not taken this quiz since the last reset